000 00353nam a2200121 a 4500
005 20140414093846.0
008 091124s19uu xx 00 eng d
050 _aCDB 808.42
_bEXC-te4 2008
245 _aExcellent English 4 :
_bLanguage skills for success- Teacher's edition.
650 _aEnglish language
_xGrammar.
942 _cAVM
999 _c109574
_d109574